<?xml version="1.0" encoding="UTF-8"?><?xml-stylesheet type="text/xsl" href="static/style.xsl"?><OAI-PMH xmlns="http://www.openarchives.org/OAI/2.0/" xmlns:xsi="http://www.w3.org/2001/XMLSchema-instance" xsi:schemaLocation="http://www.openarchives.org/OAI/2.0/ http://www.openarchives.org/OAI/2.0/OAI-PMH.xsd"><responseDate>2026-06-29T14:31:59Z</responseDate><request verb="GetRecord" identifier="oai:docta.ucm.es:20.500.14352/71356" metadataPrefix="marc">https://docta.ucm.es/rest/oai/request</request><GetRecord><record><header><identifier>oai:docta.ucm.es:20.500.14352/71356</identifier><datestamp>2023-08-26T01:21:08Z</datestamp><setSpec>com_20.500.14352_14</setSpec><setSpec>col_20.500.14352_15</setSpec></header><metadata><record xmlns="http://www.loc.gov/MARC21/slim" xmlns:dcterms="http://purl.org/dc/terms/" xmlns:xsi="http://www.w3.org/2001/XMLSchema-instance" xmlns:doc="http://www.lyncode.com/xoai" xsi:schemaLocation="http://www.loc.gov/MARC21/slim http://www.loc.gov/standards/marcxml/schema/MARC21slim.xsd">
   <leader>00925njm 22002777a 4500</leader>
   <datafield ind2=" " ind1=" " tag="042">
      <subfield code="a">dc</subfield>
   </datafield>
   <datafield ind2=" " ind1=" " tag="720">
      <subfield code="a">Sanders, Sue</subfield>
      <subfield code="e">author</subfield>
   </datafield>
   <datafield ind2=" " ind1=" " tag="720">
      <subfield code="a">López Medina, Esteban Francisco</subfield>
      <subfield code="e">author</subfield>
   </datafield>
   <datafield ind2=" " ind1=" " tag="260">
      <subfield code="c">2022-03-12</subfield>
   </datafield>
   <datafield ind2=" " ind1=" " tag="520">
      <subfield code="a">Las iniciativas para incluir la diversidad afectivo‐sexogenérica en el currículum escolar se han multiplicado en los últimos años. Lamentablemente, al menos en el contexto hispanohablante, estas carecen de un marco teórico suficiente para conceptualizar y sistematizar su metodología didáctica. En este artículo se propone asumir –y clonar en español– las ideas de usualising y actualising, propuestas y aplicadas con éxito por Sue Sanders y SchoolsOUT en el Reino Unido para superar las limitaciones de la gay lesson ocasional. Para ello, se justifica filológicamente la posibilidad lingüística y real de adoptar un neologismo (“usualizar”) capaz de compensar los inconvenientes inherentes al concepto de normalización. Se apoya la propuesta de forma teórica con una perspectiva necesariamente interseccional y descolonizadora del sistema educativo actual. Enlazando teoría y praxis, la presentación se basa también en el recorrido vital, profesional y activista de la autora.</subfield>
   </datafield>
   <datafield ind2=" " ind1=" " tag="520">
      <subfield code="a">The actions to include affective‐sexgeneric diversity in the school curriculum have increased in the last years. Unfortunately, at least in Spanish‐speaking contexts, there isn’t a solid theoretical framework to conceptualise and systematise their didactic methodology. This article suggests taking on –and cloning into Spanish– the ideas of “usualising” and actualising, put forward and successfully applied by Sue Sanders and SchoolsOUT in the United Kingdom, with the aim of compensating the shortcomings of the occasional gay lesson. Hence, the real linguistic possibility of coining the Spanish neologism (“usualizar”) is philologically supported in order to overcome the inherent limitations of the concept of normalising. The proposal is theoretically justified with a necessarily intersectional and decolonising perspective about the current education system. Linking both theory and praxis, the presentation is also based on the author’s professional and activist life.</subfield>
   </datafield>
   <datafield ind1="8" ind2=" " tag="024">
      <subfield code="a">2659-8620</subfield>
   </datafield>
   <datafield ind1="8" ind2=" " tag="024">
      <subfield code="a">10.46661/relies.615018</subfield>
   </datafield>
   <datafield ind1="8" ind2=" " tag="024">
      <subfield code="a">https://hdl.handle.net/20.500.14352/71356</subfield>
   </datafield>
   <datafield ind1="8" ind2=" " tag="024">
      <subfield code="a">https://www.upo.es/revistas/index.php/relies/article/view/6150</subfield>
   </datafield>
   <datafield ind1="8" ind2=" " tag="024">
      <subfield code="a">https://orcid.org/0000-0001-8475-451X</subfield>
   </datafield>
   <datafield ind2="0" ind1="0" tag="245">
      <subfield code="a">“Usualizar” la diversidad para superar los silencios del currículum en torno al género y la sexualidad</subfield>
   </datafield>
</record></metadata></record></GetRecord></OAI-PMH>